Los géneros literarios a través de la imagen y el ejemplo

Gespeichert in:
Bibliographische Detailangaben
1. Verfasser: Díaz-Plaja, Guillermo .
Format: Buch
Sprache:Spanisch
Erschienen: Barcelona : La Espiga, 1952
Ausgabe:2ª ed. il.
Katalog:MANES:  Suchergebnis im Bibliothekskatalog
Schulbuchspezifische Eigenschaften:
Schriftenreihe:Colección de Textos para la Enseñanza. 4, 1
Tags: Tag hinzufügen
Keine Tags, Fügen Sie den ersten Tag hinzu!
Hinzugefügt zu:09.02.2019
Geändert in:07.05.2025

MARC

LEADER 00000cam a2200000 4500
005 20250507134541.0
008 190210S1952 0espao 0000 00spa0d
040 |a uned  |b spa  |c entro-manes 
041 0 |a spa 
100 2 |a Díaz-Plaja, Guillermo .  |9 26256 
245 1 4 |a Los géneros literarios a través de la imagen y el ejemplo  |c Guillermo Díaz-Plaja 
250 |a 2ª ed. il. 
260 |a Barcelona :  |b La Espiga,  |c 1952 
300 |a 188 p. :  |b il. 
440 0 0 |a Colección de Textos para la Enseñanza.  |e Lengua Española y Literatura  |v 4, 1  |9 10042 
546 |a España 
561 |5 es-BUNED  |3 L.T. 1826  |a España. Fondo Manes UNED  |k MANES 
690 0 |a LEN 
942 |2 ddc  |c BK 
999 |c 97035  |d 97035 
999 |c manes:97035  |d 97035